Ve spárech pomstychtivé sestry /

Hlavní autor: Greven, Helga, 1935-
Další autoři: Dolanská, Marie
Jazyk: Čeština
Vydáno: Praha : I. Železný, 1996
Vydání: Vyd. 1.
Edice: Knihovnička Večerů pod lampou
Doktor v domě
Témata:
Fyzický popis: 57 s. ; 19 cm
Knihy
Uloženo v:
LEADER 01270nam a2200361 a 4500
001 000074698
003 CZ BrMZK
005 20211217195804.0
007 ta
008 960713s1996 xr g j cze d
015 |a cnb000203798 
020 |a 80-237-3409-1 
035 |a (OCoLC)37673589 
040 |a BOA001  |b cze 
072 7 |a 821.112.2-3  |x Německá próza, německy psaná  |2 Konspekt  |9 25 
080 |a 821.112.2-32  |2 MRF 
080 |a (0:82-322.5)  |2 MRF 
100 1 |a Greven, Helga,  |d 1935-  |7 mzk2010473919  |4 aut 
245 1 0 |a Ve spárech pomstychtivé sestry /  |c Birgit Swanholmová ; [z němčiny] přeložila Marie Dolanská 
250 |a Vyd. 1. 
260 |a Praha :  |b I. Železný,  |c 1996 
300 |a 57 s. ;  |c 19 cm 
490 1 |a Knihovnička Večerů pod lampou ;  |v 2198 
490 1 |a Doktor v domě ;  |v 188 (29/96) 
655 7 |a německé povídky  |7 fd132942  |2 czenas 
655 7 |a milostné povídky  |7 fd132834  |2 czenas 
700 1 |a Dolanská, Marie  |7 jx20041007007  |4 trl 
765 0 |t <<Das >>Geheimnis der Schwester Gertrud 
830 0 |a Knihovnička Večerů pod lampou 
830 0 |a Doktor v domě 
910 |a BOA001  |b 1-1021.926 
990 |a BK 
996 6 |b 2610038270  |c 1-1021.926  |l MZK  |r Sklad / do 1 hodiny  |n 1  |p p.v.  |w 000074698  |u 000010  |a 1  |e BOA001  |j MZK50  |s P